|
|
|
|
| LEADER |
00000nab a2200000ua 4500 |
| 001 |
vtls010781419 |
| 003 |
SK-MaSNL |
| 005 |
20260303123543.0 |
| 008 |
230214s2011 xo |||||||||||||||||eng| |
| 035 |
|
|
|a (urnnbn)urn:nbn:sk:snk:ar-a03jad
|
| 035 |
|
|
|a (uuid)1aa3f9ff-f7a9-45ad-8e29-8768a95e79fc
|
| 035 |
|
|
|a urn:nbn:sk:snk-ab5b6y
|
| 040 |
|
|
|a SNKBUCL
|b slo
|c SNKBUCL
|e AACR2
|
| 041 |
0 |
|
|a eng
|
| 044 |
|
|
|a xo
|c SK
|
| 100 |
1 |
|
|a Hubalek, J.
|4 aut
|9 1139399
|
| 245 |
1 |
0 |
|a Clinical importance of matrix metalloproteinases
|c J. Hubalek, M. Masarik, M. Stiborova, O. Zitka, R. Kizek, S. Krizkova, T. Eckschlager, V. Adam
|
| 700 |
1 |
|
|a Masarik, M.
|4 aut
|9 730993
|
| 700 |
1 |
|
|a Stiborová, Marie,
|d 1950-2020
|4 aut
|9 200586
|
| 700 |
1 |
|
|a Zitka, O.
|4 aut
|9 1139400
|
| 700 |
1 |
|
|a Kizek, R.
|4 aut
|9 781630
|
| 700 |
1 |
|
|a Krizkova, S.
|4 aut
|9 781631
|
| 700 |
1 |
|
|a Eckschlager, Tomáš,
|d 1956-
|4 aut
|9 648840
|
| 700 |
1 |
|
|a Adam, V.
|4 aut
|9 1139401
|
| 773 |
0 |
|
|t Bratislavské lekárske listy
|g Roč. 112, č. 8 (2011), s. [435]-440
|
| 958 |
|
|
|a OND
|
| 958 |
|
|
|a EUIPO
|
| 958 |
|
|
|a article3
|
| 999 |
|
|
|c 1926708
|d 1928638
|